<?xml version="1.0" encoding="UTF-8"?>
<marc:record xmlns:marc="http://www.loc.gov/MARC21/slim">
   <marc:leader>00000nam a2200000 a 4500</marc:leader>
   <marc:datafield ind1=" " ind2=" " tag="653">
      <marc:subfield code="a">Ayurveda</marc:subfield>
   </marc:datafield>
   <marc:datafield ind1="0" ind2="0" tag="245">
      <marc:subfield code="a">Ayurveda</marc:subfield>
   </marc:datafield>
   <marc:datafield ind1="0" ind2="0" tag="245">
      <marc:subfield code="b">Sich jung fühlen ein Leben lang</marc:subfield>
   </marc:datafield>
   <marc:datafield ind1=" " ind2="1" tag="264">
      <marc:subfield code="b">Gräfe u. Unzer</marc:subfield>
      <marc:subfield code="c">2004</marc:subfield>
   </marc:datafield>
   <marc:datafield ind1="1" ind2=" " tag="490">
      <marc:subfield code="a">GU</marc:subfield>
   </marc:datafield>
   <marc:datafield ind1="1" ind2=" " tag="520">
      <marc:subfield code="a">Ayurveda - Programm für zu Hause

- Vata, Pitta oder Kapha - Nach dem indischen Ayurveda ist das Verhältnis dieser drei Energien entscheidend für geistige Fähigkeiten, Seelenmuster, Organfunktionen und äußere Erscheinung eines Menschen
- Gesund bleiben, sich wohl fühlen - Bringen Sie Ihre Energien ins Gleichgewicht und stärken sie so Ihre mentalen und körperlichen Selbstheilungskräfte.
- Welcher Konstitutionstyp sind Sie? Mit Hilfe der Selbstanalyse können Sie herausfinden, zu welchem energetischen Grundtyp Sie gehören</marc:subfield>
   </marc:datafield>
   <marc:datafield ind1=" " ind2=" " tag="020">
      <marc:subfield code="a">9783774218031</marc:subfield>
      <marc:subfield code="9">9783774218031</marc:subfield>
   </marc:datafield>
</marc:record>
